[Event "Hagener SV-Greifswalder SV"]
[Site "Greifswald"]
[Date "2013.09.13"]
[Round "4.2"]
[White "Balasz, Kata"]
[Black "Altenstein, Jonas"]
[Result "1-0"]
[WhiteElo "1668"]
[BlackElo "1221"]
[PlyCount "87"]
[EventDate "2013.??.??"]
[WhiteTeam "Hagener SV"]
[BlackTeam "Greifswalder SV"]

1. d4 d5 2. c4 e6 3. Nc3 Nf6 4. Bg5 Nbd7 5. cxd5 exd5 6. Nxd5 Be7 7. Nxf6+ Nxf6
8. a3 Bf5 9. e3 O-O 10. Bxf6 Bxf6 11. Nf3 Re8 12. Bc4 Be4 13. O-O Rc8 14. Nd2
Qd7 15. Nxe4 Rxe4 16. Qf3 Qg4 17. Be2 Qe6 18. Bd3 Rh4 19. Bf5 Qe8 20. Bxc8 Qxc8
21. Rac1 Rh6 22. Rc3 Rg6 23. Rfc1 c6 24. R3c2 Be7 25. b4 a6 26. d5 Rh6 27. dxc6
Qc7 28. g3 bxc6 29. Rxc6 Rxc6 30. Qxc6 Qxc6 31. Rxc6 g6 32. Rxa6 Bf6 33. Rxf6
Kg7 34. Rc6 h5 35. b5 g5 36. b6 f6 37. b7 Kg6 38. b8=Q h4 39. Qd8 hxg3 40.
Qxf6+ Kh5 41. Kg2 gxh2 42. Qf7+ Kh4 43. Rh6+ Kg4 44. f3# 1-0

[Event "Hagener SV-Greifswalder SV"]
[Site "Greifswald"]
[Date "2013.09.13"]
[Round "4.3"]
[White "Rosenstock, Ruben"]
[Black "Hoppe, Michael"]
[Result "0-1"]
[WhiteElo "928"]
[BlackElo "1596"]
[PlyCount "80"]
[EventDate "2013.??.??"]
[WhiteTeam "Greifswalder SV"]
[BlackTeam "Hagener SV"]

1. e4 Nc6 2. Nf3 d5 3. exd5 Qxd5 4. Nc3 Qa5 5. d4 Bg4 6. Be2 O-O-O 7. O-O Bxf3
8. Bxf3 Nxd4 9. Bg4+ e6 10. Bd2 h5 11. Be2 Bb4 12. a3 Be7 13. Nb5 Nxe2+ 14.
Qxe2 Rxd2 15. Nxa7+ Kb8 16. Qe3 Bc5 17. Qe1 Ne7 18. b4 Qxa7 19. Qxd2 Bd6 20.
Rfd1 Rd8 21. Qg5 g6 22. Rxd6 Rxd6 23. Qxe7 Qd4 24. Qe8+ Rd8 25. Qxd8+ Qxd8 26.
g3 Qd2 27. c4 Kc8 28. c5 Qb2 29. Re1 Qxa3 30. Re4 Qb3 31. Rf4 f5 32. h3 Qc3 33.
h4 e5 34. Kg2 exf4 35. c6 Qxc6+ 36. f3 fxg3 37. b5 Qxb5 38. Kh3 f4 39. Kg2 Qe2+
40. Kh3 Qh2# 0-1

[Event "Hagener SV-Greifswalder SV"]
[Site "Greifswald"]
[Date "2013.09.13"]
[Round "4.4"]
[White "Bick, Lennard"]
[Black "Finke, Adrian"]
[Result "1-0"]
[WhiteElo "1537"]
[BlackElo "1050"]
[PlyCount "67"]
[EventDate "2013.??.??"]
[WhiteTeam "Hagener SV"]
[BlackTeam "Greifswalder SV"]

1. d4 d5 2. Bf4 Nf6 3. Nc3 Nc6 4. f3 Bf5 5. Qd2 e6 6. e3 Bb4 7. O-O-O Qe7 8.
Nge2 O-O-O 9. Ng3 Bg6 10. Bd3 Bxd3 11. Qxd3 e5 12. Bg5 h6 13. Qf5+ Kb8 14. Bxf6
gxf6 15. dxe5 Bxc3 16. bxc3 Qa3+ 17. Kd2 Nxe5 18. Qxf6 Nc4+ 19. Ke2 Rde8 20.
Kf2 Qxa2 21. Rc1 Nxe3 22. Rhe1 Nxc2 23. Re2 Rxe2+ 24. Nxe2 Rf8 25. Qxh6 Re8 26.
Qd2 Nb4 27. Qxa2 Nxa2 28. Ra1 Nxc3 29. Nxc3 d4 30. Nb5 d3 31. Rd1 Re2+ 32. Kf1
Rb2 33. Rxd3 Rxb5 34. Rd8# 1-0

[Event "SF Schwerin-SK Lehrte"]
[Site "Greifswald"]
[Date "2013.09.13"]
[Round "4.1"]
[White "Thieu, Ngyuen Gia Luat"]
[Black "Siegert, Gregor"]
[Result "0-1"]
[WhiteElo "1692"]
[BlackElo "1859"]
[PlyCount "98"]
[EventDate "2013.??.??"]
[WhiteTeam "SK Lehrte"]
[BlackTeam "SF Schwerin"]

1. e4 c5 2. Nf3 e6 3. d3 d5 4. Nbd2 Be7 5. g3 Nc6 6. Bg2 Nf6 7. O-O dxe4 8.
dxe4 b6 9. Qe2 O-O 10. e5 Nd5 11. c3 Bb7 12. Re1 Qd7 13. Nf1 Rfd8 14. h4 Nc7
15. Bf4 Ba6 16. c4 Rab8 17. Rad1 Nd4 18. Nxd4 cxd4 19. Qd3 b5 20. b3 bxc4 21.
bxc4 Qa4 22. Re4 Bc5 23. Rc1 Qxa2 24. Bg5 Rdc8 25. Nh2 Nd5 26. Rg4 h5 27. Bxd5
hxg4 28. Bxe6 Rb3 29. Bxf7+ Kxf7 30. Qf5+ Kg8 31. Qxg4 Rf8 32. Bf6 Rf7 33. Qg6
d3 34. Ng4 Bxf2+ 35. Kh2 Be3+ 36. Kh3 Bc8 37. Rf1 Rb2 38. Rf5 Bxf5 39. Qxf5
Rh2+ 40. Nxh2 Qxc4 41. Ng4 Qc5 42. Qe4 d2 43. Nxe3 Qxe3 44. Qxe3 d1=Q 45. e6
Rxf6 46. Qxa7 Qh1+ 47. Kg4 Qe4+ 48. Kh3 Qxe6+ 49. Kh2 Qe2+ 0-1

[Event "SF Schwerin-SK Lehrte"]
[Site "Greifswald"]
[Date "2013.09.13"]
[Round "4.2"]
[White "Frost, Jakob"]
[Black "Klein, Florian"]
[Result "1-0"]
[WhiteElo "1372"]
[BlackElo "1634"]
[PlyCount "53"]
[EventDate "2013.??.??"]
[WhiteTeam "SF Schwerin"]
[BlackTeam "SK Lehrte"]

1. e4 c5 2. Nf3 e6 3. Nc3 a6 4. a4 Nc6 5. Bc4 Qc7 6. d3 Nf6 7. Bg5 Be7 8. h3
O-O 9. O-O Rd8 10. Re1 d5 11. exd5 exd5 12. Bxf6 dxc4 13. Bxe7 Nxe7 14. Qe2 Be6
15. dxc4 Ng6 16. Ng5 Nf4 17. Qe4 g6 18. Nxe6 Nxe6 19. Nd5 Qa5 20. f4 Nd4 21. b4
f5 22. Qd3 cxb4 23. Qxd4 Rf8 24. Re7 Rf7 25. Rxf7 Kxf7 26. Qf6+ Kg8 27. Ne7#
1-0

[Event "SF Schwerin-SK Lehrte"]
[Site "Greifswald"]
[Date "2013.09.13"]
[Round "4.3"]
[White "Baghdasaryan, Ani"]
[Black "Wödl, Leon"]
[Result "1/2-1/2"]
[WhiteElo "1429"]
[BlackElo "1291"]
[PlyCount "86"]
[EventDate "2013.??.??"]
[WhiteTeam "SK Lehrte"]
[BlackTeam "SF Schwerin"]

1. e4 e5 2. c4 Nf6 3. Nc3 d6 4. Nf3 Nc6 5. Be2 Be7 6. O-O O-O 7. d4 b6 8. d5
Nb4 9. a3 Na6 10. b4 Bg4 11. Rb1 Bd7 12. c5 Qc8 13. Bxa6 Qxa6 14. c6 Bg4 15. b5
Qc8 16. Qd3 Re8 17. Nd2 Bh5 18. f4 exf4 19. Rxf4 Bg6 20. Bb2 Nh5 21. Rf3 Bf6
22. Re1 h6 23. h3 Be5 24. Nc4 Qd8 25. g4 Nf6 26. Rfe3 h5 27. g5 Nh7 28. h4 f6
29. Nxe5 fxe5 30. Rf1 Rf8 31. Ref3 Rxf3 32. Rxf3 Qe7 33. Ne2 Rf8 34. Ng3 Rxf3
35. Qxf3 Qf7 36. Kf2 Qxf3+ 37. Kxf3 Kf7 38. Bc3 Nf8 39. a4 Ke7 40. Nf5+ Kd8 41.
Nxg7 Ke7 42. Nf5+ Kd8 43. Bb4 Be8 1/2-1/2

[Event "SF Schwerin-SK Lehrte"]
[Site "Greifswald"]
[Date "2013.09.13"]
[Round "4.4"]
[White "Stuppe, Hannes"]
[Black "Dannenberg, Nicole"]
[Result "1-0"]
[WhiteElo "1241"]
[BlackElo "1223"]
[PlyCount "85"]
[EventDate "2013.??.??"]
[WhiteTeam "SF Schwerin"]
[BlackTeam "SK Lehrte"]

1. e4 e6 2. d4 d5 3. e5 c5 4. c3 Nc6 5. Nf3 Qb6 6. a3 cxd4 7. cxd4 Nh6 8. b4
Nf5 9. Bb2 Be7 10. Nc3 O-O 11. Na4 Qc7 12. Bd3 b6 13. Rc1 Bb7 14. b5 Qd7 15.
bxc6 Bxc6 16. Nc3 Rfc8 17. O-O a6 18. Qe2 b5 19. h3 f6 20. Bxf5 exf5 21. Rfe1
Re8 22. Qd3 a5 23. e6 Qd6 24. Nxb5 Bxb5 25. Qxb5 Rab8 26. Qa4 Qb6 27. Bc3 Bf8
28. Qxa5 Qd6 29. Bb4 Qb6 30. Qxb6 Rxb6 31. Bxf8 Kxf8 32. Ra1 Rbxe6 33. Rxe6
Rxe6 34. a4 Ra6 35. Nh4 g6 36. Kf1 Ke7 37. Ke2 Ke6 38. g3 g5 39. Ng2 g4 40. h4
h5 41. Kd3 Kd6 42. Kc3 Kc6 43. Nf4 1-0